000 00421nam a2200157 i 4500
001 bg
100 1 _aKARBOWICKA, J.
245 0 _aĆwiczenia laboratoryjne z chemii ogólnej /
_cJ. Karbowicka, M. Kozikowski, A. Leszczyńska.
260 _aCzęstochowa,
_c1970.
700 1 _aKOZIKOWSKI, M.
700 1 _aLESZCZYŃSKA, A.
040 _cBPK
041 _apol
942 _cKS
008 s pl f |000 0 pol
999 _c7109
_d7109
856 _uhttp://koha.tu.koszalin.pl/cgi-bin/koha/opac-detail.pl?biblionumber=7109
_yKatalog online BPK